000 00641nam a2200241 i 4500
001 C2-0126527
003 PPAK
005 20180727115611.0
008 970915s1994 nyua|||| ||||| | eng d
020 _a0027674509
040 _aPPAK
_beng
_cPPAK
_erda
082 0 4 _a823
_223
090 0 0 _a823
_bMOR
_dK
100 1 _aMorgan, Mary,
_eauthor
245 1 0 _aBenjamin's bugs
264 1 _aNew York :
_bBradbury Press ,
_c1994
300 _a30 pages :
_bcolour illustrations ;
_c18 cm
336 _2rdacontent
_atext
337 _2rdamedia
_aunmediated
338 _2rdacarrier
_avolume
650 1 0 _aPorcupines - Fiction
942 _ddc
_cB
999 _c37437
_d37437